00603nam a22002057a 4500001000700000003000900007005001700016007000700033008003400040020001800074040002200092082002700114100002600141245004400167260004300211300002100254500007400275650002200349650002600371000341DO-SdBNP20240311101706.0000341160701b2009 mx |||| 00| 0 spa d a9786071101822 aBPMSUbspacBPMSU 4a863.6 2L437L 2009b221 aLeante, Luis, d1963-10aLa luna roja /cLuis R Leante Chacón. aMéxico, D. F. : bAlfaguara, c2009. a393 p. ;c24 cm. aIncluye datos biográficos de la autor en la solapa de la cubierta. 4aNovela española 4aLiteratura epañola